| 000 | 01004nam a22002537a 4500 | ||
|---|---|---|---|
| 001 | 44290 | ||
| 003 | BD-RjUL | ||
| 005 | 20211209053830.0 | ||
| 008 | 160716s1976 bg ||||| b||| 00| 0 ben d | ||
| 020 | _c : TK 12.50 | ||
| 035 | _a(BD-RjUL)44408 | ||
| 040 |
_aBD-RjUL _bben _cBD-RjUL |
||
| 041 | _aben | ||
| 082 |
_223 _a110 _bCHD 1976 |
||
| 100 | 1 |
_aচক্রবর্তী, নীরদবরণ _9124686 |
|
| 245 |
_aদর্শনের ভূমিকা = (Western Metaphysics in Bengali) / _cনীরদবরণ চক্রবর্তী |
||
| 250 | _a৪র্থ. সং. ( সংশোধিত ও পরিবর্ধিত) | ||
| 260 |
_aকলকাতা : _bএ মুখার্জী অ্যাণ্ড কোং, _c১৯৭৬ |
||
| 300 |
_a[৪], ৩৬৬ পৃ. ; _c২২ সেমি. |
||
| 504 | _aসংযুক্ত প্রমানপঞ্জী | ||
| 650 |
_aঅধিবিদ্যা _9120435 |
||
| 650 |
_aMetaphysics _9120435 |
||
| 942 |
_2ddc _cBK |
||
| 999 |
_c44290 _d44290 |
||